|
|
|
|
| LEADER |
01339nam a2200229 a 4500 |
| 008 |
091121s2008 bg a b 001 0 eng d |
| 020 |
|
|
|a 9848090460
|
| 082 |
0 |
0 |
|a 330/.01/5195
|2 22
|
| 100 |
1 |
|
|a Rahman, Matiur
|
| 245 |
1 |
0 |
|a Basic Econometrics :
|b theory and practice /
|c Matiur Rahman
|
| 250 |
|
|
|a 1st ed.
|
| 260 |
|
|
|a Dhaka :
|b the university Grants Commission,
|c 2008.
|
| 300 |
|
|
|a xii, 224 p. :
|b ill. ;
|c 25 cm.
|
| 504 |
|
|
|a Includes bibliographical references and index.
|
| 541 |
1 |
|
|e 00017717
|
| 650 |
|
0 |
|a Econometrics.
|
| 852 |
4 |
|
|a Ayesha Abed Library
|j General Shelf.
|
| 999 |
|
|
|c 5745
|d 5745
|
| 952 |
|
|
|0 0
|1 0
|2 ddc
|4 0
|6 330_015195000000000_RAH
|7 0
|9 5680
|a BRACUL
|b BRACUL
|c GEN
|d 2009-11-21
|g 240.00
|l 4
|m 54
|o 330.015195 RAH
|p 3010017717
|r 2026-01-17
|s 2025-08-17
|t 1
|v 480.00
|w 2009-11-21
|y BK
|
| 952 |
|
|
|0 0
|1 0
|2 ddc
|4 0
|6 330_015195000000000_RAH
|7 0
|9 5681
|a BRACUL
|b BRACUL
|c GEN
|d 2009-11-21
|g 240.00
|l 2
|m 9
|o 330.015195 RAH
|p 3010017718
|r 2025-07-24
|s 2025-07-10
|t 1
|v 480.00
|w 2009-11-21
|y BK
|
| 952 |
|
|
|0 0
|1 0
|2 ddc
|4 0
|6 330_015195000000000_RAH
|7 0
|9 5682
|a BRACUL
|b BRACUL
|c GEN
|d 2009-11-21
|g 240.00
|l 2
|m 14
|o 330.015195 RAH
|p 3010017719
|r 2025-10-11
|s 2025-07-10
|t 1
|v 480.00
|w 2009-11-21
|y BK
|
| 952 |
|
|
|0 0
|1 0
|2 ddc
|4 0
|6 330_015195000000000_RAH
|7 0
|9 5683
|a BRACUL
|b BRACUL
|c GEN
|d 2009-11-21
|g 240.00
|l 5
|m 30
|o 330.015195 RAH
|p 3010017720
|r 2025-07-16
|s 2025-07-10
|t 1
|v 480.00
|w 2009-11-21
|y BK
|